000 00631nam a2200193Ia 4500
008 151121s9999||||xx |||||||||||||| ||und||
082 _a813/भेण्डे
082 _bHNW-70411
100 _aभेंडे सुभाष
245 _aअगतिक आणि अदेशी
260 _b"दिलीप प्रकाशन, मुंबई।"
260 _c--
300 _a179
600 _aभेंडे सुभाष
630 _aअगतिक आणि अदेशी
700 _aभेंडे सुभाष
730 _aअगतिक आणि अदेशी
942 _cBOOK
999 _c1251885
_d1251882